|
|
|
|
| LEADER |
00000nab a2200000 a 4500 |
| 001 |
vtls000877007 |
| 003 |
SK-MaSNL |
| 005 |
20260304114040.0 |
| 008 |
250429c2004 xo 0 slo |
| 015 |
|
|
|a SNBRB2004/06-19037
|
| 035 |
|
|
|a CLN000228559
|
| 035 |
|
|
|a urn:nbn:sk:snk-ab72no
|
| 035 |
|
|
|a (uuid)a068dff5-255c-4d0a-938c-578cf4a1dcd6
|
| 035 |
|
|
|a (urnnbn)urn:nbn:sk:snk:ar-a06qqe
|
| 035 |
|
|
|a (sysno)vtls000877007
|
| 040 |
|
|
|a SNKBUCL
|b slo
|c SNKBUCL
|e AACR2
|
| 041 |
0 |
|
|a eng
|
| 044 |
|
|
|a xo
|c SK
|
| 080 |
|
|
|a 658.515:658.512:004.9
|2 1997
|
| 080 |
|
|
|a 658.512
|2 1997
|
| 080 |
|
|
|a 004.42SYSKLASS
|2 1997
|
| 100 |
1 |
|
|a Novák-Marcinčin, Jozef,
|d 1964-2014
|4 aut
|9 112709
|
| 245 |
1 |
0 |
|a Application of disassembly technology to CAPP system SYSKLASS
|c Jozef Novák-Marcinčin, Marek Kočiško
|
| 300 |
|
|
|b Sch.
|
| 504 |
|
|
|a Bibliogr. odkazy
|
| 504 |
|
|
|a Res. angl., slov.
|
| 630 |
0 |
7 |
|a SYSKLASS
|2 snkbucl
|9 1418236
|
| 650 |
0 |
7 |
|a Demontáž
|2 snkbucl
|9 288454
|
| 650 |
0 |
7 |
|a technologická príprava výroby
|2 snkbucl
|9 612883
|
| 650 |
0 |
7 |
|a CAPP
|2 snkbucl
|9 79821
|
| 655 |
|
7 |
|a články z novín a časopisov
|2 snkbucl
|9 267496
|
| 700 |
1 |
|
|a Kočiško, Marek
|4 aut
|9 319847
|
| 773 |
0 |
|
|t Výrobné inžinierstvo = Manufacturing engineering
|g Roč. 3, č. 1 (2004), s. 30-33
|x 1335-7972
|
| 850 |
|
|
|a Slovenská národná knižnica
|
| 852 |
|
|
|a Slovenská národná knižnica
|
| 958 |
|
|
|a article27
|
| 958 |
|
|
|a NB
|
| 958 |
|
|
|a OND
|
| 958 |
|
|
|a EUIPO
|
| 999 |
|
|
|c 2871677
|d 2873607
|